00486nam a2200169 a 4500008004100000020002200041100001800063245005600081260004100137504004100178500002000219650002800239700002200267003000100289005001700290040000900307  a0471125253 (hbk.)1 aBurrows, Paul10aMacroeconomic theory : A mathematical introduction aLondon. :bJohn Wiley & Sons ,c1974 aIncludes bibliographical references. aIncludes index. 1aEconomics (mathematics) aHitiris, Theodore20230123134116.0 cNUST